Tu fan- Mafalda Cardenal - Estadísticas

Estadísticas generales
  • Esta prueba ha sido intentada 30 veces
  • La puntuación promedio es 331 de 424
Estadísticas de respuestas
Letra % Correcto
que
100%
Que
100%
tu
100%
100%
Y
100%
y
100%
Yo
100%
yo
100%
a
94%
la
94%
ve
94%
cuéntale
89%
el
89%
fan
89%
gente
89%
lo
89%
me
89%
nada
89%
no
89%
nunca
89%
te
89%
un
89%
era
83%
eras
83%
mi
83%
una
83%
de
78%
De
78%
estaba
78%
estrella
78%
fuimos
78%
más
78%
memoria
78%
perro
78%
78%
siempre
78%
solo
78%
abuelo
72%
en
72%
obsesionada
72%
todo
72%
aún
67%
Café
67%
fuiste
67%
gusté
67%
he
67%
leche
67%
Porque
67%
como
61%
corto
61%
ella
61%
ha
61%
humor
61%
las
61%
pero
61%
Pero
61%
sacas
61%
acuerdo
56%
caso
56%
Cuando
56%
cumple
56%
darme
56%
equivocada
56%
eres
56%
has
56%
muy
56%
pedido
56%
prefieres
56%
razón
56%
ti
56%
equipo
50%
gustao'
50%
hiciste
50%
ibas
50%
mal
50%
perdón
50%
pides
50%
porfa
50%
atrás
44%
corriendo
44%
dio
44%
eso
44%
estado
44%
fútbol
44%
hemos
44%
igual
44%
manía
44%
mirado
44%
pedestal
44%
perderme
44%
quedé
44%
quiero
44%
quitao'
44%
sigo
44%
También
44%
tele
44%
2016
39%
acordando
39%
cumplir
39%
Del
39%
enciendo
39%
hablabas
39%
inglés
39%
juntos
39%
mes
39%
Otra
39%
reírme
39%
tenía
39%
ya
39%
Al
33%
después
33%
doce
33%
juegan
33%
opción
33%
pelearnos
33%
prioridad
33%
ves
33%
amarnos
28%
odiarnos
28%
así
22%
estábamos
22%
equivocados
17%
están
17%
No se encontraron pruebas coincidentes
Distribución de puntuación
Porcentaje de gente con cada puntuación
Porcentaje por número respondido
Historial de tus puntuaciones
No has intentado esta prueba.